Регионална библиотека "Любен Каравелов" - Русе

Exercices d'orthographe et de syntaxe appliqués numero par numero à la Grammaire complète et à la Grammaire supérieure et de nature a s'adapter a tout autre cours de langue francaise (Запис номер 407739)

MARC детайли
000 -Лидер
Контролно поле с фиксирана дължина nam a22 a 4500
003 - Код на организацията, давaща контролен номер
Контролно поле BLK
005 - Дата и час на последна редакция
Контролно поле 20210413083329.0
008 - Елементи от данни с фиксирана дължина
fixed length control field 180408b bul|||||r ||||||| ||bul||
010 ## - Наследен системен номер
LC control number KNG00047737000
040 ## - Източник на каталожния запис
Идентификатор на билиотеката - собственик на записа BLK
041 ## - Код за език
Код за езика на текст/звукозапис или на отделно заглавие Френски
Код за езика КДБФ Френски
080 ## - УДК
Текстов определител УДК Френски език
УДК код - определител по УДК 811.133.1
УДК определител '35(076)
УДК - код + определител 811.133.1'35(076)
080 ## - УДК
Текстов определител УДК Френски език
УДК код - определител по УДК 811.133.1
УДК определител '367(076)
УДК - код + определител 811.133.1'367(076)
100 1# - Редна дума - Автор
Автор Larousse, Pierre
Авторска отговорност първи автор
R(LIN) 16511
139 ## - Редно поле
Редна дума Larousse, Pierre
245 10 - Сведения за заглавието
Заглавие Exercices d'orthographe et de syntaxe appliqués numero par numero à la Grammaire complète et à la Grammaire supérieure et de nature a s'adapter a tout autre cours de langue francaise
Редно поле (дума) Pierre Larousse.
Подзаглавни данни Livre de l'eleve
257 ## - Страна на издаване
Страна на създаване/издаване Франция
260 ## - Област на издателските данни
Място на издаване, разпространение и проч. Paris
Име на издателя, разпространителя и проч. Boyer
Година на издаване 1880
9 (RLIN) 447909
300 ## - Физическа характеристика
Страници 308 c.
Размери/Мащаб 18 см
380 ## - Жанр
Жанр Езикознание. Филология
490 ## - СЕРИИ (Колекции)
9 (RLIN) 435080
Име на серия Колекция Редки и ценни издания
650 #0 - Допълнително описание по предмет – тема
Основно описание – тема или топоним Френски език - правопис - учебни помагала
9 (RLIN) 257122
650 #0 - Допълнително описание по предмет – тема
Основно описание – тема или топоним Френски език - синтаксис
9 (RLIN) 269883
653 ## - Ключова дума – ненормативна
Ключова дума френски език
653 #7 - Ключова дума – ненормативна
Ключова дума правопис
9 (RLIN) 194329
653 #7 - Ключова дума – ненормативна
Ключова дума синтаксис
9 (RLIN) 196640
852 ## - Местоположение
Форматна сигнатура Рф 880
Фондова буква Редки и ценни
856 4# - Електронен адрес и достъп
Електронен формат pdf - файл
856 4# - Електронен адрес и достъп
Електронен формат pdf - файл
999 ## - СИСТЕМНИ КОНТРОЛНИ НОМЕРА
Koha biblionumber 407739
Koha biblioitemnumber 407739
942 ## - АРТИКУЛИ
Вид на библиотечния материал Книги
Скрит в OPAC Не
Периодичен библиозапис Да
944 ## - СЪЗДАВАНЕ И РЕДАКЦИЯ на ЗАПИСА
Служител, извършил регистрацията/редакцията ТД
999 ## - СИСТЕМНИ КОНТРОЛНИ НОМЕРА
Koha biblioitemnumber 407739
Наличности
Код за отписване Код за изгубен артикул Източник на класификационната схема Код за повреда Коз за рестрикции Код за отдаване Артикулен № Име на библиотеката - собственик Име на библиотеката, в която се намира в момента Статус (Текущо местоположение) Дата на вписване в системата Местоположение - отдел Цена в лева Инвентарен номер Систематично азбучна сигнатура Баркод Цена в евро Служебен тип на артикула
  Не е изгубен Universal Decimal Classification Не е повреден само за читалня Специални фондове ( старопечатни, редки и ценни, фонд М. Арнаудов) 854888 Регионална библиотека "Любен Каравелов" Русе Регионална библиотека "Любен Каравелов" Русе Редки и ценни 2021-09-24 Редки и ценни 0.62 16866 Рф 880 900000053982 0.32 Книги
Vip Innovations Ltd, Rousse, Bulgaria 2025